000 00362nam a22001457a 4500
082 _a894.812.3
_bABR/F
100 _aABRAHAM
245 _aFRANCILE NADIDIKKADHAKAL
_bFOLK TALES
250 _a1
260 _aTHRISSUR
_bH&C PUBLISHING HOUSE
_c2009
300 _a64
520 _aTYPE OF FOLK TALE DTORIES
650 _aMALAYALAM SHORT STORIES
_zKERALA
942 _cBK
999 _c1221
_d1221